التصوير بالكلمات : (رقم التسجيلة. 6151)
[ عرض عادي ]
| 000 -LEADER | |
|---|---|
| fixed length control field | 00520nam a22001697a 4500 |
| 005 - DATE AND TIME OF LATEST TRANSACTION | |
| control field | 20251108164210.0 |
| 008 - FIXED-LENGTH DATA ELEMENTS--GENERAL INFORMATION | |
| fixed length control field | 250721s1997 xx 000 0 ara d |
| 082 14 - DEWEY DECIMAL CLASSIFICATION NUMBER | |
| Classification number | 211.61/سلط |
| 100 1# - MAIN ENTRY--PERSONAL NAME | |
| Personal name | سلطان، ناديا |
| 245 10 - TITLE STATEMENT | |
| Title | التصوير بالكلمات : |
| Remainder of title | مشروع دراسة للصورة الفنية في القرآن / |
| 264 1# - PRODUCTION, PUBLICATION, DISTRIBUTION, MANUFACTURE, AND COPYRIGHT NOTICE | |
| Place of production, publication, distribution, manufacture | دمشق : |
| Name of producer, publisher, distributor, manufacturer | أشبيلية، |
| Date of production, publication, distribution, manufacture, or copyright notice | 1997. |
| 300 ## - PHYSICAL DESCRIPTION | |
| Extent | 248ص. |
| 650 17 - SUBJECT ADDED ENTRY--TOPICAL TERM | |
| Topical term or geographic name as entry element | القرآن الكريم |
| 650 17 - SUBJECT ADDED ENTRY--TOPICAL TERM | |
| Topical term or geographic name as entry element | البلاغة |
| 942 ## - ADDED ENTRY ELEMENTS (KOHA) | |
| Source of classification or shelving scheme | Dewey Decimal Classification |
| Koha item type | كتب |
| حالة السحب | حالة الفقدان | مصدر التصنيف | حالة التلف | غير قابل للإعارة | المكتبة الرئيسية | المكتبة الحالية | موقع الرف | تاريخ التزويد | الرقم المتسلسل | Total Checkouts | رقم الإستدعاء | تاريخ آخر ظهور | تاريخ الفاتورة | نوع المادة (كوها) | الباركود |
|---|---|---|---|---|---|---|---|---|---|---|---|---|---|---|---|
| Dewey Decimal Classification | Unchecked | مكتبة أبو علندا العامة | مكتبة أبو علندا العامة | الإعارة | 06/07/2004 | 2154 | 211.61/سلط | 28/07/2025 | 06/07/2004 | كتب | |||||
| Dewey Decimal Classification | Unchecked | مكتبة أم قصير والمقابلين العامة | مكتبة أم قصير والمقابلين العامة | الإعارة | 06/07/2004 | 5402 | 211.61/سلط | 28/07/2025 | 06/07/2004 | كتب | |||||
| Dewey Decimal Classification | مكتبة الأميرة ايمان العامة | مكتبة الأميرة ايمان العامة | الإعارة | 04/11/2013 | [11197] | 211.61/سلط | 28/07/2025 | 04/11/2013 | كتب | PLD00285006 | |||||
| Dewey Decimal Classification | Unchecked | مكتبة الاميرة بديعة | مكتبة الاميرة بديعة | الإعارة | 06/07/2004 | 6926 | 211.61/سلط | 28/07/2025 | 06/07/2004 | كتب | |||||
| Dewey Decimal Classification | Unchecked | مكتبة الجويدة | مكتبة الجويدة | الإعارة | 06/07/2004 | 6868 | 211.61/سلط | 28/07/2025 | 06/07/2004 | كتب | |||||
| Dewey Decimal Classification | Unchecked | مكتبة الحسن العامة | مكتبة الحسن العامة | الإعارة | 06/07/2004 | 11543 | 211.61/سلط | 28/07/2025 | 06/07/2004 | كتب | |||||
| Dewey Decimal Classification | مكتبة حمزة العامة | مكتبة حمزة العامة | الإعارة | 23/01/2016 | (6530) | 211.61/سلط | 28/07/2025 | 23/01/2016 | كتب | PLD00369909 | |||||
| Dewey Decimal Classification | مكتبة صويلح العامة | مكتبة صويلح العامة | الإعارة | 01/09/2015 | [14131 | 211.61/سلط | 28/07/2025 | 01/09/2015 | كتب | PLD00343962 | |||||
| Dewey Decimal Classification | Unchecked | مكتبة وادي السير العامة | مكتبة وادي السير العامة | الإعارة | 06/07/2004 | 7817 | 211.61/سلط | 28/07/2025 | 06/07/2004 | كتب |